000 00229nam a22000857a 4500
008 160715b xxu||||| |||| 00| 0 eng d
100 _92899
_a Lewis, P
245 _aThe Centle Fury
260 _aNew York
_b Holt, Rinehart & Winston
_c1961
999 _c2464
_d2464